[Event "BL2-Nord 2122"]
[Site "Germany"]
[Date "2022.05.01"]
[Round "4.8"]
[White "Kandic, Milan"]
[Black "Ewert, Hannes"]
[Result "0-1"]
[WhiteElo "2037"]
[BlackElo "2273"]
[PlyCount "84"]
[EventDate "2022.03.05"]
[EventType "team-tourn"]
[EventRounds "10"]
[EventCountry "GER"]
[SourceTitle "EXT 2023"]
[Source "ChessBase"]
[SourceDate "2022.10.05"]
[SourceVersion "1"]
[SourceVersionDate "2022.10.05"]
[SourceQuality "1"]
[WhiteTeam "Lingen"]
[BlackTeam "Werder Bremen II"]
[WhiteTeamCountry "GER"]
[BlackTeamCountry "GER"]

1. e4 e5 2. Nf3 Nc6 3. Bc4 Bc5 4. b4 Bxb4 5. c3 Be7 6. d4 Na5 7. Nxe5 Nxc4 8. Nxc4 d5 9. exd5 Qxd5 10. Ne3 Qd8 11. Qb3 Nf6 12. Ba3 0-0 13. Bxe7 Qxe7 14. 0-0 c6 15. Nd2 Be6 16. Qc2 c5 17. Nf3 Rfd8 18. Rfe1 Rac8 19. Rad1 Qc7 20. Qa4 cxd4 21. cxd4 a6 22. d5 Bd7 23. Qb3 b5 24. Rd3 Qd6 25. Nd4 Re8 26. Red1 g6 27. a3 Ne4 28. Qb4 Nc5 29. R3d2 Ne4 30. Qxd6 Nxd6 31. Rc2 Rxc2 32. Ndxc2 Rc8 33. Rd3 Bf5 34. Rd2 Bxc2 35. Rxc2 Rxc2 36. Nxc2 Kf8 37. Nb4 a5 38. Nc6 Nc4 39. d6 Ke8 40. Kf1 Kd7 41. Nd4 Nxa3 42. Ke2 Kxd6 0-1

[Event "Bremen Silvester op"]
[Site "Bremen"]
[Date "2021.12.30"]
[Round "7"]
[White "Ewert, Hannes"]
[Black "Diller, Peter"]
[Result "1-0"]
[WhiteElo "2274"]
[BlackElo "2025"]
[PlyCount "83"]
[EventDate "2021.12.21"]
[EventType "swiss"]
[EventRounds "7"]
[EventCountry "GER"]
[SourceTitle "CBM 205 Extra"]
[Source "ChessBase"]
[SourceDate "2022.01.31"]
[SourceVersion "1"]
[SourceVersionDate "2022.01.31"]
[SourceQuality "1"]

1. d4 e6 2. Nf3 d5 3. c4 Nf6 4. g3 c6 5. Qc2 Bd6 6. Bg2 Nbd7 7. 0-0 0-0 8. Nbd2 Re8 9. b3 e5 10. cxd5 e4 11. dxc6 bxc6 12. Ng5 Ba6 13. Ndxe4 Bb4 14. a3 Ba5 15. Bb2 h6 16. Nxf6+ Nxf6 17. Ne4 Rc8 18. b4 Bb6 19. Rfe1 Rc7 20. Nc5 Bc8 21. Rad1 h5 22. e4 h4 23. Qc1 hxg3 24. hxg3 Rce7 25. Qg5 Nh7 26. Qh4 Qc7 27. Bf3 a5 28. Kg2 g5 29. Qh5 f6 30. e5 Bxc5 31. dxc5 fxe5 32. Rd6 Bd7 33. Rh1 Bf5 34. Bxc6 Rf8 35. Bd5+ Rff7 36. Re1 e4 37. g4 Bc8 38. Qh6 Be6 39. Bxe6 Rxe6 40. Rxe6 Rxf2+ 41. Kxf2 Qf4+ 42. Ke2 1-0

[Event "GER-ch U18"]
[Site "Willingen"]
[Date "2019.06.11"]
[Round "4"]
[White "Ewert, Hannes"]
[Black "Vuckovic, Zarko"]
[Result "1/2-1/2"]
[WhiteElo "2268"]
[BlackElo "2132"]
[PlyCount "45"]
[EventDate "2019.06.09"]
[EventType "swiss"]
[EventRounds "9"]
[EventCountry "GER"]
[SourceTitle "CBM 190 Extra"]
[Source "ChessBase"]
[SourceDate "2019.07.15"]
[SourceVersion "1"]
[SourceVersionDate "2019.07.15"]
[SourceQuality "1"]

1. Nf3 d5 2. g3 Nc6 3. d4 Bf5 4. Bg2 Qd7 5. 0-0 0-0-0 6. c3 f6 7. b4 Kb8 8. Nbd2 Re8 9. Nb3 e5 10. b5 Nd8 11. a4 e4 12. Nfd2 h5 13. Nc5 Bxc5 14. dxc5 Bh3 15. c6 Qf5 16. Nb3 h4 17. Nd4 Qc8 18. cxb7 Kxb7 19. Bxh3 Qxh3 20. g4 f5 21. gxf5 Nf6 22. Kh1 g5 23. Rg1 1/2-1/2